000 00782cab a2200217 4500
001 WB2647-33
008 090401t1990 xxu||||| |||| 00| 0 eng d
035 _a(Sirsi) u35471
041 _aeng
245 _aNU tests estate agency
260 _c1990
350 _a0
490 _aEstates Times
_vno 1074 23/11/90 p3
490 _aIndependent
_v29/11/90 p31
520 _aNorwich Union are to test the estate agency market by setting up a pilot scheme of twenty offices, in the Thames Valley area, to experiment with shared ownership . Hambros is interested in buying part of the Prudential estate agency business.
650 _aACQUISITION
650 _aINSTITUTIONS
690 _aMANAGEMENT-BUSINESS MANAGEMENT-PROFESSIONAL PRACTICE
942 _n0
948 _c04/03/1997
999 _c23220
_d23220